<?xml version="1.0" encoding="UTF-8"?><?xml-stylesheet type="text/xsl" href="static/style.xsl"?><OAI-PMH xmlns="http://www.openarchives.org/OAI/2.0/" xmlns:xsi="http://www.w3.org/2001/XMLSchema-instance" xsi:schemaLocation="http://www.openarchives.org/OAI/2.0/ http://www.openarchives.org/OAI/2.0/OAI-PMH.xsd"><responseDate>2026-06-29T22:08:44Z</responseDate><request verb="GetRecord" identifier="oai:riubu.ubu.es:10259/7655" metadataPrefix="marc">https://riubu.ubu.es/oai/request</request><GetRecord><record><header><identifier>oai:riubu.ubu.es:10259/7655</identifier><datestamp>2023-04-21T08:19:20Z</datestamp><setSpec>com_10259_4204</setSpec><setSpec>com_10259_5086</setSpec><setSpec>com_10259_2604</setSpec><setSpec>col_10259_5373</setSpec></header><metadata><record xmlns="http://www.loc.gov/MARC21/slim" xmlns:doc="http://www.lyncode.com/xoai" xmlns:xsi="http://www.w3.org/2001/XMLSchema-instance" xmlns:dcterms="http://purl.org/dc/terms/" xsi:schemaLocation="http://www.loc.gov/MARC21/slim http://www.loc.gov/standards/marcxml/schema/MARC21slim.xsd">
<leader>00925njm 22002777a 4500</leader>
<datafield tag="042" ind1=" " ind2=" ">
<subfield code="a">dc</subfield>
</datafield>
<datafield tag="720" ind1=" " ind2=" ">
<subfield code="a">Gonzalo Orden, Hernán</subfield>
<subfield code="e">author</subfield>
</datafield>
<datafield tag="720" ind1=" " ind2=" ">
<subfield code="a">Linares Unamunzaga, Alaitz</subfield>
<subfield code="e">author</subfield>
</datafield>
<datafield tag="720" ind1=" " ind2=" ">
<subfield code="a">Pérez Acebo, Heriberto</subfield>
<subfield code="e">author</subfield>
</datafield>
<datafield tag="720" ind1=" " ind2=" ">
<subfield code="a">Díaz Minguela, Jesús</subfield>
<subfield code="e">author</subfield>
</datafield>
<datafield tag="260" ind1=" " ind2=" ">
<subfield code="c">2019-07</subfield>
</datafield>
<datafield tag="520" ind1=" " ind2=" ">
<subfield code="a">Road maintenance and rehabilitation are expected to meet modern society’s demands for&#xd;
sustainable development. Full-depth reclamation with cement as a binder is closely linked to the&#xd;
concept of sustainability. In addition to the environmental benefits of reusing the existing pavement as&#xd;
aggregate, this practice entails significant technical and economic advantages. In Spain, in the absence&#xd;
of tests specifically designed to determine the behavior of recycled pavements stabilized with cement,&#xd;
these materials are treated as soil-cement or cement-bound granular material. This assumption is not&#xd;
entirely accurate, because this recycled pavement contains some bituminous elements that reduce&#xd;
its stiffness. This study aimed to obtain the relationships between flexural strength (FS) and the&#xd;
parameters that describe the pavement behavior (long-term unconfined compressive strength (UCS)&#xd;
and indirect tensile strength (ITS)) and compare the findings with the relationships between these&#xd;
parameters in soil-cement and cement-bound granular materials. The results showed that the similar&#xd;
behavior hypothesis is not entirely accurate for recycled pavements stabilized with cement, because&#xd;
they have lower strength values—although, this is not necessarily an indication of poorer performance.</subfield>
</datafield>
<datafield tag="024" ind2=" " ind1="8">
<subfield code="a">http://hdl.handle.net/10259/7655</subfield>
</datafield>
<datafield tag="024" ind2=" " ind1="8">
<subfield code="a">10.3390/app9153055</subfield>
</datafield>
<datafield tag="024" ind2=" " ind1="8">
<subfield code="a">2076-3417</subfield>
</datafield>
<datafield ind1=" " ind2=" " tag="653">
<subfield code="a">Full-depth reclamation</subfield>
</datafield>
<datafield ind1=" " ind2=" " tag="653">
<subfield code="a">Recycling</subfield>
</datafield>
<datafield ind1=" " ind2=" " tag="653">
<subfield code="a">Pavement rehabilitation</subfield>
</datafield>
<datafield ind1=" " ind2=" " tag="653">
<subfield code="a">Cement-treated materials</subfield>
</datafield>
<datafield ind1=" " ind2=" " tag="653">
<subfield code="a">Base materials</subfield>
</datafield>
<datafield ind1=" " ind2=" " tag="653">
<subfield code="a">Unconfined compressive strength</subfield>
</datafield>
<datafield ind1=" " ind2=" " tag="653">
<subfield code="a">Flexural strength</subfield>
</datafield>
<datafield ind1=" " ind2=" " tag="653">
<subfield code="a">Splitting tensile strength</subfield>
</datafield>
<datafield ind1=" " ind2=" " tag="653">
<subfield code="a">Indirect tensile strength</subfield>
</datafield>
<datafield tag="245" ind1="0" ind2="0">
<subfield code="a">Advances in the Study of the Behavior of Full-Depth Reclamation (FDR) with Cement</subfield>
</datafield>
</record></metadata></record></GetRecord></OAI-PMH>